[Event "Santa Cruz Potiguar-ch"]
[Site "Santa Cruz"]
[Date "2016.12.17"]
[Round "2"]
[White "De Sousa Filho, Alexandre C Rodrigu"]
[Black "Mendonca, Lino Lima Zambon"]
[Result "0-1"]
[WhiteElo "1469"]
[BlackElo "1601"]
[PlyCount "44"]
[EventDate "2016.12.17"]
[EventType "swiss"]
[EventRounds "5"]
[EventCountry "BRA"]
[SourceTitle "CBM 176 Extra"]
[Source "ChessBase"]
[SourceDate "2017.03.02"]
[SourceVersion "1"]
[SourceVersionDate "2017.03.02"]
[SourceQuality "1"]

1. d4 Nf6 2. c4 c6 3. Nc3 d5 4. Nf3 Bf5 5. Qb3 Qb6 6. Qxb6 axb6 7. cxd5 Nxd5 8. Nxd5 cxd5 9. Bf4 e6 10. a3 Be7 11. Nh4 Bxh4 12. e3 0-0 13. Bb5 Nc6 14. 0-0 Rac8 15. Rac1 Na5 16. Bc7 Nc4 17. Bxc4 Rxc7 18. Bb5 Rfc8 19. Rxc7 Rxc7 20. h3 Rc2 21. g4 Bg6 22. f4 Be4 0-1

[Event "Santa Cruz Potiguar-ch"]
[Site "Santa Cruz"]
[Date "2016.12.17"]
[Round "1"]
[White "Mendonca, Lino Lima Zambon"]
[Black "Oliveira, Carlos Henrique Lop"]
[Result "0-1"]
[WhiteElo "1601"]
[BlackElo "1800"]
[PlyCount "110"]
[EventDate "2016.12.17"]
[EventType "swiss"]
[EventRounds "5"]
[EventCountry "BRA"]
[SourceTitle "CBM 176 Extra"]
[Source "ChessBase"]
[SourceDate "2017.03.02"]
[SourceVersion "1"]
[SourceVersionDate "2017.03.02"]
[SourceQuality "1"]

1. d4 Nf6 2. Nf3 g6 3. Nc3 Bg7 4. e4 d6 5. Be2 0-0 6. 0-0 Bg4 7. e5 dxe5 8. dxe5 Nfd7 9. e6 Bxe6 10. Nb5 a6 11. Nbd4 Bd5 12. c4 Bxf3 13. Bxf3 Nc5 14. Be3 Bxd4 15. Qxd4 Qxd4 16. Bxd4 Nbd7 17. b4 Ne6 18. Be3 c6 19. a4 Ne5 20. Be2 Rfd8 21. Rfd1 Rxd1+ 22. Rxd1 Rd8 23. Rxd8+ Nxd8 24. f4 Nd7 25. b5 axb5 26. cxb5 cxb5 27. Bxb5 Nf6 28. Bb6 Ne6 29. Bc4 Nxf4 30. Kf2 N4d5 31. Bd4 Kf8 32. Kf3 Ke8 33. g4 Nc7 34. Kf4 Ne6+ 35. Bxe6 fxe6 36. h3 h6 37. h4 Kd7 38. a5 Kd6 39. Bf2 e5+ 40. Kf3 Kc6 41. g5 hxg5 42. hxg5 Nh7 43. Be3 Kd5 44. Ke2 Ke4 45. Bc5 e6 46. Kd2 Nxg5 47. Ke2 Nh3 48. Kf1 Kf3 49. Be7 e4 50. Bh4 e3 51. a6 bxa6 52. Bf2 e2+ 53. Ke1 Nxf2 54. Kd2 Ne4+ 55. Ke1 Nd2 0-1